000 00773cab a2200253 4500
001 WB3325-49
008 090401t1997 xxu||||| |||| 00| 0 eng d
035 _a(Sirsi) u79212
041 _aeng
245 _aCouncil tax `superband`
260 _c1997
350 _a0
490 _aIndependent on Sunday
_v22 June 1997, 11(1)
520 _aA new council tax `superband` could be introduced for properties worth over £500,000. The government is concerned that the top band, H, is too wide a category at present.
650 _aCOUNCIL TAX BANDING
650 _aCOUNCIL TAX BANDS
650 _aCOUNCIL TAX SUPERBAND
650 _aCOUNCIL TAX
650 _aLOCAL AUTHORITIES
650 _aSUPERBAND
690 _aTAXATION
942 _n0
948 _c25/06/1997
999 _c49799
_d49799